[Event "Frankfurt Ch 2007"]
[Site "Ffm-Kalbach, LAZ"]
[Date "2007.06.18"]
[Round "7.30"]
[White "Göbel, Andreas"]
[Black "Koch, Ulrich"]
[Result "1-0"]
[WhiteElo "2063"]
[BlackElo "1839"]
[PlyCount "95"]
[EventDate "2007.??.??"]

1. c4 c6 2. e4 d5 3. exd5 cxd5 4. d4 Nf6 5. Nc3 e6 6. Nf3 a6 7. c5 Be7 8. Bd3
O-O 9. O-O b6 10. b4 a5 11. Na4 bxc5 12. bxc5 Ba6 13. Bf4 Bxd3 14. Qxd3 Nfd7
15. Rab1 Nc6 16. a3 Bf6 17. Nb6 Ra7 18. Bd6 Re8 19. Rfe1 h5 20. h3 g5 21. g4
hxg4 22. hxg4 Kg7 23. Kg2 Rh8 24. Nxd7 Qxd7 25. Kg3 Raa8 26. Rh1 Rxh1 27. Rxh1
Rh8 28. Rxh8 Kxh8 29. Qe3 Kg7 30. Ne5 Bxe5+ 31. Bxe5+ Nxe5 32. Qxe5+ f6 33. Qb8
Qa4 34. Qc7+ Kg6 35. Qd8 Qxd4 36. Qg8+ Kh6 37. Qxe6 Qxc5 38. Qxf6+ Kh7 39. Qf7+
Kh6 40. Qh5+ Kg7 41. Qxg5+ Kf7 42. Qf5+ Ke7 43. Qe5+ Kd7 44. a4 Qc4 45. Qf5+
Kd6 46. Qf8+ Ke5 47. Qe7+ Kd4 48. Qe3# 1-0

[Event "Frankfurt Ch 2007"]
[Site "Ffm-Kalbach, LAZ"]
[Date "2007.06.18"]
[Round "7.31"]
[White "Bender, Manfred"]
[Black "Matzies, Alexander"]
[Result "0-1"]
[WhiteElo "1830"]
[BlackElo "1995"]
[PlyCount "92"]
[EventDate "2007.??.??"]

1. Nf3 Nf6 2. g3 g6 3. Bg2 Bg7 4. d3 O-O 5. c4 d6 6. O-O c6 7. Nc3 e5 8. Qc2 h6
9. Rd1 Be6 10. Bd2 Nbd7 11. b4 d5 12. cxd5 cxd5 13. Qa4 d4 14. Ne4 Nxe4 15.
dxe4 Nb6 16. Qa5 Nc4 17. Qxd8 Rfxd8 18. Be1 Na3 19. Rd2 Rac8 20. Rad1 b5 21. e3
Nc4 22. Rc2 dxe3 23. Rdc1 exf2+ 24. Bxf2 a6 25. Bc5 Rd7 26. Bf1 Rcd8 27. Bxc4
Bxc4 28. Kf2 Bd3 29. Rc3 Bxe4 30. Bb6 Re8 31. Re3 f5 32. a3 Bxf3 33. Kxf3 e4+
34. Ke2 Re6 35. Rc8+ Kf7 36. Bc5 g5 37. Ke1 f4 38. gxf4 gxf4 39. Rh3 Kf6 40.
Ke2 Kf5 41. Rg8 e3 42. Bf8 Rd2+ 43. Ke1 Bxf8 44. Rxf8+ Ke4 45. Rf7 Rf2 46. Rf8
Rg6 0-1

[Event "Frankfurt Ch 2007"]
[Site "Ffm-Kalbach, LAZ"]
[Date "2007.06.18"]
[Round "7.32"]
[White "Kohlbruch, Jens"]
[Black "Plattner, Rolf"]
[Result "1/2-1/2"]
[WhiteElo "1880"]
[BlackElo "1916"]
[PlyCount "65"]
[EventDate "2007.??.??"]

1. c4 Nf6 2. Nc3 g6 3. d4 Bg7 4. e4 d6 5. f3 O-O 6. Bd3 e5 7. Be3 Nc6 8. Nge2
Ne8 9. d5 Ne7 10. g4 c6 11. Qd2 cxd5 12. Nxd5 Nxd5 13. cxd5 Bd7 14. O-O-O b5
15. h4 f6 16. Rdg1 a5 17. f4 Bxg4 18. Kb1 f5 19. fxe5 dxe5 20. Bxb5 Nd6 21. Nc3
Bf3 22. Rh2 Nxe4 23. Nxe4 Bxe4+ 24. Ka1 Qxd5 25. Qe2 Qb7 26. h5 f4 27. Bd2 Rab8
28. Bc4+ Bd5 29. Bc3 Bxc4 30. Qxc4+ Qf7 31. Qe4 Qf5 32. Qd5+ Qf7 33. Qe4
1/2-1/2

[Event "Frankfurt Ch 2007"]
[Site "Ffm-Kalbach, LAZ"]
[Date "2007.06.18"]
[Round "7.33"]
[White "Kästle, Rainer"]
[Black "Matthis, Peter"]
[Result "1-0"]
[WhiteElo "1980"]
[BlackElo "1785"]
[PlyCount "67"]
[EventDate "2007.??.??"]

1. d4 Nf6 2. c4 g6 3. Nc3 Bg7 4. e4 d6 5. Nf3 O-O 6. Be2 e5 7. Bg5 c6 8. O-O
Nbd7 9. Qd2 Qc7 10. Rad1 Re8 11. dxe5 dxe5 12. b4 a5 13. a3 axb4 14. axb4 Ra3
15. Qb2 Ra8 16. Nd2 b6 17. Be3 Nf8 18. b5 c5 19. Nd5 Qb8 20. Nxf6+ Bxf6 21. Ra1
Rxa1 22. Rxa1 Ne6 23. Nb1 Nd4 24. Nc3 Bg7 25. Nd5 f5 26. f3 h6 27. Bd3 f4 28.
Bxd4 exd4 29. Qa3 Be5 30. Qa7 Qxa7 31. Rxa7 Bb8 32. Nf6+ Kf8 33. Rh7 Rd8 34.
Rh8+ 1-0

[Event "Frankfurt Ch 2007"]
[Site "Ffm-Kalbach, LAZ"]
[Date "2007.06.18"]
[Round "7.34"]
[White "Makilla, Tobias"]
[Black "Von Auer, Ulrich"]
[Result "1-0"]
[WhiteElo "1923"]
[BlackElo "2130"]
[PlyCount "59"]
[EventDate "2007.??.??"]

1. e4 e6 2. d4 d5 3. Nd2 Be7 4. e5 c5 5. c3 Nc6 6. Ndf3 Qb6 7. Ne2 f6 8. exf6
Nxf6 9. Qb3 Qd8 10. Bf4 O-O 11. g3 Nh5 12. Bg2 Nxf4 13. Nxf4 cxd4 14. Nxd4 Nxd4
15. cxd4 Qa5+ 16. Kf1 Bg5 17. Ne2 Bd7 18. Bh3 Qa6 19. Qd1 Be3 20. f4 g5 21. Kg2
gxf4 22. Nxf4 Bxf4 23. gxf4 Rxf4 24. Qh5 Rf6 25. Rhg1 Qd6 26. Kh1+ Kh8 27. Rg3
Be8 28. Qh4 Rg6 29. Rxg6 Bxg6 30. Qf6+ 1-0

[Event "Frankfurt Ch 2007"]
[Site "Ffm-Kalbach, LAZ"]
[Date "2007.06.18"]
[Round "7.35"]
[White "Geringer, Waldemar"]
[Black "Bischoff, Ulrich"]
[Result "1-0"]
[WhiteElo "1862"]
[BlackElo "2090"]
[PlyCount "69"]
[EventDate "2007.??.??"]

1. d4 d5 2. c4 c6 3. g3 Nf6 4. Bg2 e6 5. Nf3 Nbd7 6. O-O Bd6 7. Qc2 O-O 8. Rd1
Ne4 9. Nc3 f5 10. b3 Qf6 11. e3 b6 12. Bb2 Qh6 13. Ne2 Bb7 14. Nf4 g5 15. Nd3
f4 16. exf4 gxf4 17. Bc1 Rf5 18. Nxf4 Bxf4 19. Bxf4 Rxf4 20. gxf4 Qxf4 21. Qc1
Qf6 22. Qe3 Rf8 23. Rd3 c5 24. Nd2 cxd4 25. Rxd4 Ndc5 26. Nxe4 Nxe4 27. Bxe4
dxe4 28. Kh1 Qxf2 29. Qxf2 Rxf2 30. Rd8+ Kg7 31. Rd7+ Rf7 32. Rg1+ Kf8 33.
Rxf7+ Kxf7 34. Kg2 Kf6 35. Kf2 1-0

[Event "Frankfurt Ch 2007"]
[Site "Ffm-Kalbach, LAZ"]
[Date "2007.06.18"]
[Round "7.36"]
[White "Larem, Peter"]
[Black "Nagel, Norbert"]
[Result "1-0"]
[WhiteElo "1962"]
[BlackElo "1730"]
[PlyCount "87"]
[EventDate "2007.??.??"]

1. e4 d5 2. exd5 Qxd5 3. Nc3 Qa5 4. d4 c6 5. Nf3 Bf5 6. Bd3 Nf6 7. O-O e6 8.
Ne5 Bxd3 9. Qxd3 Nbd7 10. Bf4 Nxe5 11. Bxe5 Be7 12. Qg3 c5 13. Qxg7 Rg8 14. Qh6
Rg6 15. Qf4 cxd4 16. Bxd4 Nd5 17. Qf3 Rd8 18. Ne4 Qc7 19. c3 b6 20. Rad1 Qf4
21. Qxf4 Nxf4 22. g3 f5 23. Nd2 Ne2+ 24. Kh1 Nxd4 25. cxd4 Rxd4 26. Nf3 Rxd1
27. Rxd1 Bf6 28. b3 Ke7 29. Nd2 Rg8 30. Nc4 Rd8 31. Rxd8 Kxd8 32. Kg2 Kc7 33.
Kf3 Kc6 34. Kf4 Kd5 35. f3 h6 36. Ke3 e5 37. h3 Be7 38. Kd3 Bc5 39. Ne3+ Bxe3
40. Kxe3 h5 41. g4 hxg4 42. hxg4 Ke6 43. Kd3 Kd5 44. gxf5 1-0

[Event "Frankfurt Ch 2007"]
[Site "Ffm-Kalbach, LAZ"]
[Date "2007.06.18"]
[Round "7.37"]
[White "Winand, Edgar"]
[Black "Adair, Robin"]
[Result "0-1"]
[WhiteElo "1723"]
[BlackElo "2009"]
[PlyCount "36"]
[EventDate "2007.??.??"]

1. Nf3 Nf6 2. d4 c5 3. e3 g6 4. b3 Bg7 5. Bb2 O-O 6. Nbd2 d5 7. Bd3 cxd4 8.
exd4 Nc6 9. a3 Bg4 10. Qe2 Nd7 11. Qe3 e5 12. dxe5 Ndxe5 13. Bxe5 Nxe5 14.
O-O-O Nxd3+ 15. Qxd3 Rc8 16. Qb5 Qf6 17. Nb1 Qb2+ 18. Kd2 Qxc2+ 0-1

[Event "Frankfurt Ch 2007"]
[Site "Ffm-Kalbach, LAZ"]
[Date "2007.06.18"]
[Round "7.38"]
[White "Tierling, Detlef"]
[Black "Stein, Wolfgang"]
[Result "1-0"]
[WhiteElo "2042"]
[BlackElo "1954"]
[PlyCount "59"]
[EventDate "2007.??.??"]

1. f4 e5 2. fxe5 d6 3. exd6 Bxd6 4. Nf3 Nf6 5. g3 Bd7 6. Bg2 Nc6 7. d4 Qc8 8.
Nc3 Bh3 9. O-O Bxg2 10. Kxg2 Qg4 11. e4 Nh5 12. e5 Be7 13. Nd5 O-O-O 14. c4 Qe6
15. Be3 Rxd5 16. cxd5 Qxd5 17. Rc1 f6 18. Qa4 Qe4 19. Rfe1 Nxe5 20. Rxc7+ Kxc7
21. Qa5+ Kb8 22. dxe5 Bb4 23. Qxa7+ Kc8 24. Rc1+ Kd7 25. a3 Be7 26. Qb6 Rd8 27.
Rc7+ Ke8 28. Rxb7 Rd3 29. e6 Qxe3 30. Rb8+ 1-0

[Event "Frankfurt Ch 2007"]
[Site "Ffm-Kalbach, LAZ"]
[Date "2007.06.18"]
[Round "7.39"]
[White "Jordake, Michael"]
[Black "Fresser, Stefan"]
[Result "1-0"]
[WhiteElo "1612"]
[BlackElo "1805"]
[PlyCount "85"]
[EventDate "2007.??.??"]

1. e4 c6 2. d4 d5 3. Nd2 dxe4 4. Nxe4 Nf6 5. Ng3 h5 6. h4 Bg4 7. Be2 Bxe2 8.
N1xe2 e6 9. Bg5 Be7 10. c3 Nbd7 11. Qc2 Ng4 12. Ne4 Ndf6 13. f3 Nxe4 14. Bxe7
Qxe7 15. fxg4 Nf6 16. g5 Nd5 17. Qe4 O-O-O 18. O-O-O f6 19. gxf6 gxf6 20. Rhf1
f5 21. Qe5 Rhg8 22. g3 Rg4 23. Nf4 Nxf4 24. Rxf4 Rxf4 25. Qxf4 Rg8 26. Re1 Qc7
27. Re5 Rg6 28. Qe3 Qf7 29. c4 Qg8 30. Kc2 Rxg3 31. Qh6 Rf3 32. Re2 Qe8 33.
Rxe6 Qg8 34. Rxc6+ Kb8 35. Qd6+ Ka8 36. Qg6 Qxg6 37. Rxg6 Kb8 38. d5 Rf4 39.
Kd3 Rxh4 40. Rg5 Rh3+ 41. Kd4 f4 42. d6 f3 43. Rg8# 1-0

[Event "Frankfurt Ch 2007"]
[Site "Ffm-Kalbach, LAZ"]
[Date "2007.06.18"]
[Round "7.40"]
[White "Lemonidis, Christos"]
[Black "Jung, Bernd"]
[Result "0-1"]
[WhiteElo "1803"]
[BlackElo "1676"]
[PlyCount "84"]
[EventDate "2007.??.??"]

1. Nf3 d5 2. g3 Nf6 3. Bg2 Bg4 4. h3 Bh5 5. d3 e6 6. Nbd2 c6 7. O-O Nbd7 8. e4
dxe4 9. dxe4 e5 10. Re1 Qc7 11. Qe2 Be7 12. Nf1 O-O 13. g4 Bg6 14. Ng3 Rfe8 15.
Nf5 Nc5 16. N3h4 Ne6 17. Qc4 Rad8 18. c3 Rd7 19. a4 Red8 20. Be3 b6 21. Bf1 Bc5
22. Bxc5 Nxc5 23. b4 Nd3 24. Re3 Nf4 25. Ng2 Ne6 26. Ngh4 c5 27. Ree1 Rd2 28.
Nxg6 hxg6 29. Nh4 Kh7 30. Nf3 R2d7 31. Qe2 Rd3 32. Red1 Nf4 33. Ng5+ Kh6 34.
Qe1 Kxg5 35. Bxd3 Nxd3 36. h4+ Kxh4 37. Rxd3 Rxd3 38. f4+ Rg3+ 39. Kh2 Nxg4+
40. Kh1 exf4 41. Rd1 Qb8 42. Rd5 Qh8 0-1

[Event "Frankfurt Ch 2007"]
[Site "Ffm-Kalbach, LAZ"]
[Date "2007.06.18"]
[Round "7.41"]
[White "Enders, Georg"]
[Black "Kletzerman, Simon"]
[Result "1-0"]
[WhiteElo "2042"]
[BlackElo "1534"]
[PlyCount "36"]
[EventDate "2007.??.??"]

1. e4 e5 2. Nc3 Nf6 3. f4 d6 4. Nf3 Nbd7 5. Bc4 exf4 6. d4 Nb6 7. Bb3 d5 8. Qe2
Be6 9. Bxf4 Bb4 10. Qb5+ Qd7 11. Qxb4 O-O-O 12. Nb5 dxe4 13. Ne5 Qe8 14. Nxa7+
Kb8 15. Nec6+ bxc6 16. Qxb6+ Ka8 17. Qa6 Bc8 18. Nxc8+ Kb8 1-0

[Event "Frankfurt Ch 2007"]
[Site "Ffm-Kalbach, LAZ"]
[Date "2007.06.18"]
[Round "7.42"]
[White "Köroglu, Naim"]
[Black "Popp, Matthias"]
[Result "1-0"]
[WhiteElo "1627"]
[BlackElo "1507"]
[PlyCount "101"]
[EventDate "2007.??.??"]

1. d4 Nf6 2. c4 d6 3. Nc3 Nbd7 4. e4 e5 5. d5 Be7 6. Be3 O-O 7. Be2 Ne8 8. Qc2
Bg5 9. Bxg5 Qxg5 10. g3 a5 11. Nf3 Qe7 12. O-O Nc5 13. a3 f5 14. Nd2 Nf6 15. f3
fxe4 16. Ndxe4 Bh3 17. Rf2 Qd7 18. Nxc5 dxc5 19. Bd3 Rf7 20. Re1 Re8 21. Re3 c6
22. dxc6 Qxc6 23. Ne4 g6 24. Ng5 Be6 25. Nxf7 Bxf7 26. Rfe2 b6 27. b3 Re6 28.
Qc3 Nd7 29. Be4 Qd6 30. Bd5 Rf6 31. Bxf7+ Rxf7 32. Rd2 Qf6 33. Red3 Nf8 34. Kg2
Qe7 35. Rd5 Rf5 36. Re2 Nd7 37. Qd3 Nf8 38. f4 Qf7 39. Rdxe5 Rxe5 40. Rxe5 Qb7+
41. Qd5+ Qf7 42. Qxf7+ Kxf7 43. Kf3 Ne6 44. Kg4 Nd4 45. b4 h5+ 46. Kh3 cxb4 47.
axb4 axb4 48. Rd5 Nc2 49. Rb5 Ke7 50. Rxb6 Kf7 51. c5 1-0

[Event "Frankfurt Ch 2007"]
[Site "Ffm-Kalbach, LAZ"]
[Date "2007.06.18"]
[Round "7.43"]
[White "Müllergroß, Christian"]
[Black "Benikhis, Avram"]
[Result "1/2-1/2"]
[WhiteElo "1559"]
[BlackElo "1797"]
[PlyCount "92"]
[EventDate "2007.??.??"]

1. d4 d5 2. f4 Bf5 3. e3 e6 4. Nf3 c5 5. c3 Nc6 6. Bd3 Bxd3 7. Qxd3 Nf6 8. O-O
Be7 9. Nbd2 Qc7 10. e4 dxe4 11. Nxe4 O-O-O 12. Neg5 Bd6 13. Be3 h6 14. Ne4 Be7
15. Nxf6 gxf6 16. Qc4 cxd4 17. Nxd4 Nxd4 18. Qxc7+ Kxc7 19. Bxd4 Rd5 20. Rf3
Rhd8 21. Raf1 Bc5 22. Bxc5 Rxc5 23. Rg3 Rd2 24. Rg7 Rxb2 25. Rxf7+ Kd6 26. Rd1+
Rd5 27. Rxd5+ Kxd5 28. Rxf6 Rxa2 29. Rxh6 a5 30. h4 a4 31. c4+ Kxc4 32. Rxe6 b5
33. h5 Rd2 34. h6 Rd8 35. f5 Ra8 36. h7 a3 37. Re4+ Kd3 38. Rf4 a2 39. Rf3+ Ke4
40. h8=Q Rxh8 41. Ra3 Kxf5 42. Rxa2 Rb8 43. Kf2 Ke4 44. Ke1 Kd4 45. Kd1 Kc3 46.
Kc1 Rg8 1/2-1/2

[Event "Frankfurt Ch 2007"]
[Site "Ffm-Kalbach, LAZ"]
[Date "2007.06.18"]
[Round "7.44"]
[White "Stulken, Dietmar"]
[Black "Calvi, Stefan"]
[Result "0-1"]
[WhiteElo "1339"]
[BlackElo "1909"]
[PlyCount "70"]
[EventDate "2007.??.??"]

1. e4 c5 2. c3 d5 3. exd5 Qxd5 4. d4 Nc6 5. Nf3 Bg4 6. Be3 cxd4 7. cxd4 e6 8.
a3 Nf6 9. Be2 Be7 10. Nc3 Qd8 11. O-O O-O 12. Ne5 Bxe2 13. Nxe2 Nd5 14. Rc1
Nxe5 15. dxe5 Nxe3 16. fxe3 Qb6 17. Qd4 Qa5 18. Qc3 Qxc3 19. Rxc3 Rac8 20. Rfc1
Rxc3 21. Rxc3 Bd8 22. Rc4 Bb6 23. Nd4 Rd8 24. Kf2 Kf8 25. h3 Rd5 26. Rc8+ Ke7
27. Rb8 Rxe5 28. Rxb7+ Kf6 29. Nc2 Rb5 30. Kf3 Rxb2 31. Nd4 Bxd4 32. Rxb2 Bxb2
33. a4 Ke5 34. g3 f6 35. g4 g5 0-1

[Event "Frankfurt Ch 2007"]
[Site "Ffm-Kalbach, LAZ"]
[Date "2007.06.18"]
[Round "7.45"]
[White "Djakow, Alexander"]
[Black "Lietzau, Olaf"]
[Result "1/2-1/2"]
[WhiteElo "1813"]
[BlackElo "1665"]
[PlyCount "120"]
[EventDate "2007.??.??"]

1. d4 g6 2. c4 d6 3. Nc3 Bg7 4. e4 Nf6 5. Nf3 O-O 6. Be2 Nc6 7. O-O a5 8. h3 e5
9. Bg5 h6 10. Bh4 Qd7 11. dxe5 Nxe5 12. Nxe5 dxe5 13. Qc2 c6 14. c5 Qc7 15. Na4
Be6 16. Nb6 Rab8 17. Bf3 Nd7 18. Be7 Nxb6 19. Bxf8 Bxf8 20. cxb6 Qxb6 21. Rfd1
Bc5 22. Qe2 Bd4 23. Rd2 Kg7 24. Bg4 Re8 25. Bxe6 Rxe6 26. Rad1 c5 27. Rd3 Qc6
28. b3 b5 29. Rc1 Qb6 30. Kh1 Qa6 31. Rd2 Rf6 32. f3 Qb6 33. Rdc2 g5 34. Qe1
Kg6 35. Rd1 Kg7 36. Qg3 Rf4 37. Qe1 Rf6 38. Qe2 Kg6 39. g3 Qe6 40. Kg2 Qb6 41.
Rf1 Qb8 42. h4 Kg7 43. hxg5 hxg5 44. Rh1 Qb6 45. Rcc1 a4 46. Rh5 Rg6 47. Rch1
axb3 48. axb3 c4 49. bxc4 bxc4 50. Qxc4 Qb2+ 51. Kh3 Qb7 52. Qa2 g4+ 53. fxg4
Qxe4 54. Kh2 Qxg4 55. Rh7+ Kxh7 56. Qxf7+ Kh6 57. Kg2+ Kg5 58. Qe7+ Rf6 59.
Qg7+ Rg6 60. Qe7+ Rf6 1/2-1/2

[Event "Frankfurt Ch 2007"]
[Site "Ffm-Kalbach, LAZ"]
[Date "2007.06.18"]
[Round "7.46"]
[White "Bittner, Peter"]
[Black "Ostermeier, Thorsten"]
[Result "0-1"]
[WhiteElo "1986"]
[BlackElo "1923"]
[PlyCount "96"]
[EventDate "2007.??.??"]

1. e4 c5 2. Nf3 a6 3. c3 d5 4. e5 Bf5 5. d4 e6 6. Bd3 Bxd3 7. Qxd3 c4 8. Qe2 b5
9. b4 a5 10. Ba3 axb4 11. Bxb4 Bxb4 12. cxb4 Nc6 13. Qb2 Nge7 14. Nc3 Qb6 15.
Ne2 O-O 16. O-O Ra6 17. Ne1 Rfa8 18. Nc2 Qa7 19. a3 Nc8 20. Rfd1 Qd7 21. Nc3
N6e7 22. Qc1 Nb6 23. Re1 Na4 24. Re3 Qc6 25. Rf3 Ng6 26. g3 Nxc3 27. Rxc3 Qc7
28. h4 Rd8 29. h5 Nxe5 30. dxe5 Qxe5 31. Rf3 Qxh5 32. Kg2 e5 33. Ne3 f6 34. Qd2
d4 35. Rh1 Qe8 36. Nc2 d3 37. Ne3 Rxa3 38. Nf5 Qf8 39. g4 c3 40. Qc1 Qxb4 41.
Nxg7 d2 42. Qc2 e4 43. Rf4 Qc4 44. Rxe4 Qd3 45. Qxd3 Rxd3 46. Nh5 d1=Q 47.
Nxf6+ Kf7 48. g5 Qf3+ 0-1

[Event "Frankfurt Ch 2007"]
[Site "Ffm-Kalbach, LAZ"]
[Date "2007.06.18"]
[Round "7.47"]
[White "Kutschera, Julian"]
[Black "Ebertz, Michael"]
[Result "1/2-1/2"]
[WhiteElo "1846"]
[BlackElo "1645"]
[PlyCount "45"]
[EventDate "2007.??.??"]

1. d4 Nf6 2. Nf3 g6 3. c4 Bg7 4. Nc3 d5 5. Bf4 O-O 6. e3 c6 7. Be2 Qa5 8. O-O
dxc4 9. Bxc4 b5 10. Bd3 Nd5 11. Nxd5 cxd5 12. Bxb8 Rxb8 13. Nd2 e5 14. Nb3 Qd8
15. Bc2 e4 16. Nc5 Qg5 17. Kh1 h5 18. Bb3 Rd8 19. Rc1 Qe7 20. Qd2 h4 21. h3 g5
22. Bd1 Rd6 23. Be2 1/2-1/2

[Event "Frankfurt Ch 2007"]
[Site "Ffm-Kalbach, LAZ"]
[Date "2007.06.18"]
[Round "7.48"]
[White "Frank, Dieter"]
[Black "Krohne, Robert"]
[Result "0-1"]
[WhiteElo "1505"]
[BlackElo "1785"]
[PlyCount "108"]
[EventDate "2007.??.??"]

1. d4 Nf6 2. Nf3 d5 3. c4 c6 4. cxd5 cxd5 5. Nc3 Nc6 6. g3 e6 7. Bg2 Bb4 8. O-O
O-O 9. Bg5 Be7 10. a3 b6 11. Rc1 Bb7 12. Rc2 Rc8 13. Qb1 Qd7 14. Rd1 Rfd8 15.
Bxf6 Bxf6 16. e4 dxe4 17. Nxe4 Bxd4 18. Nxd4 Nxd4 19. Rcd2 e5 20. Qd3 Qe7 21.
Qb1 Rc7 22. Nc3 Bxg2 23. Kxg2 Rcd7 24. Re1 Qd6 25. Qe4 f5 26. Qxe5 Qc6+ 27. Kh3
Qh6+ 28. Kg2 Qxd2 29. Nd1 Qh6 30. Re3 Qc6+ 31. f3 Rd6 32. Rc3 Qxf3+ 33. Rxf3
Nxf3 34. Kxf3 Rxd1 35. Qe6+ Kh8 36. Qe5 R1d3+ 37. Kg2 R3d5 38. Qe7 R5d7 39. Qe5
Rf8 40. Qe6 Rdf7 41. Qe5 f4 42. g4 f3+ 43. Kf2 Rd7 44. Qc3 Rdf7 45. Qe5 Rc8 46.
Qe4 Rff8 47. Qe7 Rce8 48. Qb4 Rf6 49. Qd4 Re2+ 50. Kg3 Rg2+ 51. Kh4 Rh6+ 52.
Kg5 Rg6+ 53. Kf5 Rf6+ 54. Ke4 Rxg4+ 0-1

[Event "Frankfurt Ch 2007"]
[Site "Ffm-Kalbach, LAZ"]
[Date "2007.06.18"]
[Round "7.49"]
[White "Kannenberg, Carl-Fr"]
[Black "Riha, Peter"]
[Result "1-0"]
[WhiteElo "1972"]
[BlackElo "1823"]
[PlyCount "90"]
[EventDate "2007.??.??"]

1. e4 e5 2. Nf3 Nc6 3. Bc4 Bc5 4. O-O d6 5. h3 Nf6 6. Re1 Be6 7. Bxe6 fxe6 8.
c3 O-O 9. d4 exd4 10. cxd4 Bb4 11. Bd2 Bxd2 12. Qxd2 e5 13. dxe5 dxe5 14. Qc3
Qe7 15. Nbd2 Rad8 16. Rad1 Nd4 17. Qc4+ Kh8 18. Rc1 Nxf3+ 19. Nxf3 c6 20. Rcd1
Nd7 21. Qc3 Rde8 22. Qd2 Nf6 23. Qd6 h6 24. Qxe7 Rxe7 25. Nh4 Kh7 26. Nf5 Rc7
27. f3 Rff7 28. Rd2 Rfd7 29. Red1 Rxd2 30. Rxd2 Rd7 31. Rd6 Rxd6 32. Nxd6 b5
33. b4 Nd7 34. Kf2 g6 35. Ke3 Kg7 36. Nc8 a6 37. Nd6 c5 38. Ne8+ Kf7 39. Nc7 c4
40. Nxa6 Nb6 41. Nc7 Na4 42. Nxb5 Ke6 43. Kd2 Kd7 44. Kc2 g5 45. Na3 Nb6 1-0

[Event "Frankfurt Ch 2007"]
[Site "Ffm-Kalbach, LAZ"]
[Date "2007.06.18"]
[Round "7.50"]
[White "Knott, Tilo"]
[Black "Schirmer, Karl-Heinz"]
[Result "0-1"]
[WhiteElo "1480"]
[BlackElo "1759"]
[PlyCount "68"]
[EventDate "2007.??.??"]

1. d4 e6 2. Nc3 d5 3. Nf3 c5 4. Bf4 Bd6 5. Bxd6 Qxd6 6. dxc5 Qxc5 7. e3 Nf6 8.
Bd3 O-O 9. O-O Nc6 10. Nd4 e5 11. Nb3 Qe7 12. e4 d4 13. Ne2 Be6 14. Ng3 g6 15.
f4 Ng4 16. Qd2 Qh4 17. h3 Ne3 18. Rf3 Bxb3 19. axb3 exf4 20. Nf1 Ne5 21. Rf2
Rfd8 22. Nh2 a6 23. Qa5 b5 24. Qc7 Qg5 25. h4 Qf6 26. g3 f3 27. Be2 Rac8 28.
Qb7 Rxc2 29. Rxa6 Qxa6 30. Qxa6 fxe2 31. Rxe2 Rxe2 32. Qxb5 Rg2+ 33. Kh1 Ra8
34. Nf1 Nf3 0-1

[Event "Frankfurt Ch 2007"]
[Site "Ffm-Kalbach, LAZ"]
[Date "2007.06.18"]
[Round "7.52"]
[White "Gehlhar, Michael"]
[Black "Winter, Olaf"]
[Result "1/2-1/2"]
[WhiteElo "1712"]
[BlackElo "1571"]
[PlyCount "103"]
[EventDate "2007.??.??"]

1. f4 e6 2. Nf3 c5 3. b3 d5 4. e3 a6 5. Bb2 Nc6 6. Be2 b5 7. O-O Nf6 8. Ne5 Bb7
9. d3 Bd6 10. Nd2 O-O 11. c4 Nd7 12. Nxd7 Qxd7 13. Nf3 Rad8 14. Ne5 Qc7 15.
Nxc6 Bxc6 16. cxd5 exd5 17. Qc1 Rde8 18. Bf3 Re7 19. Re1 Rfe8 20. g3 c4 21.
bxc4 bxc4 22. d4 Bb4 23. Bc3 Rb8 24. Re2 Bxc3 25. Qxc3 Rb6 26. Kf2 Qb7 27. Rd1
Re8 28. Rdd2 Rb8 29. Qa3 Rb4 30. Qc3 Rb1 31. Re1 Rxe1 32. Kxe1 Qb4 33. Qxb4
Rxb4 34. Kd1 c3 35. Rc2 Ba4 36. Bxd5 Bxc2+ 37. Kxc2 Rb2+ 38. Kxc3 Rxh2 39. Kd3
Rh3 40. g4 h5 41. gxh5 Rxh5 42. Ke4 Kf8 43. f5 Ke7 44. Bc4 a5 45. Kf4 f6 46. e4
Rh4+ 47. Kf3 Kd6 48. Bd5 Rh1 49. Ke3 Rd1 50. Bf7 Rf1 51. Ke2 Rf4 52. Ke3
1/2-1/2

[Event "Frankfurt Ch 2007"]
[Site "Ffm-Kalbach, LAZ"]
[Date "2007.06.18"]
[Round "7.53"]
[White "Bauer, Timo"]
[Black "Wenzel, Bernd"]
[Result "1-0"]
[WhiteElo "1708"]
[BlackElo "1481"]
[PlyCount "79"]
[EventDate "2007.??.??"]

1. d4 f5 2. g3 Nf6 3. Bg2 e6 4. Nf3 d6 5. O-O Be7 6. c4 O-O 7. Qb3 Kh8 8. Nc3
Ne4 9. d5 Nxc3 10. Qxc3 Bf6 11. Qc2 e5 12. e3 Nd7 13. b4 e4 14. Nd4 Ne5 15. Bb2
Bd7 16. c5 Rc8 17. c6 bxc6 18. dxc6 Nxc6 19. Nxc6 Bxc6 20. Bxf6 Qxf6 21. Qxc6
Qe7 22. Rfd1 h6 23. Bh3 Rf6 24. Rd5 Rcf8 25. Rad1 g5 26. Qc3 Kh7 27. Rc1 R8f7
28. Qc6 f4 29. Rd4 fxe3 30. fxe3 Qf8 31. Qxe4+ Kg7 32. Rdc4 h5 33. Rxc7 Kh6 34.
Rxf7 Rxf7 35. Rc8 Qg7 36. Qe6+ Rf6 37. Qd5 Rg6 38. Bf1 h4 39. g4 Qd7 40. Rh8+
1-0

[Event "Frankfurt Ch 2007"]
[Site "Ffm-Kalbach, LAZ"]
[Date "2007.06.18"]
[Round "7.54"]
[White "Götting, Ulrich"]
[Black "Greul, Thomas"]
[Result "1-0"]
[WhiteElo "1691"]
[BlackElo "1302"]
[PlyCount "71"]
[EventDate "2007.??.??"]

1. d4 Nf6 2. c4 d6 3. Nf3 g6 4. Nc3 Bg7 5. g3 O-O 6. Bg2 Nbd7 7. O-O e5 8. e4
c6 9. h3 Qc7 10. Be3 a5 11. Rb1 Re8 12. Re1 exd4 13. Nxd4 Ne5 14. b3 Nh5 15.
Qc2 f5 16. exf5 Bxf5 17. Nxf5 gxf5 18. Ne2 Rf8 19. f4 Ng6 20. Bf3 Nf6 21. Qxf5
Rae8 22. Qd3 Nd7 23. Bd4 Nc5 24. Bxc5 dxc5 25. Bh5 Rd8 26. Qc2 Ne7 27. Bg4 Ng6
28. Rbd1 Bd4+ 29. Kg2 Rfe8 30. Bf5 Kg7 31. Be4 Qf7 32. f5 Ne5 33. Nf4 Kh8 34.
Ne6 Rd7 35. Qe2 Rg8 36. Bb1 {ZÜ} 1-0

[Event "Frankfurt Ch 2007"]
[Site "Ffm-Kalbach, LAZ"]
[Date "2007.06.18"]
[Round "7.57"]
[White "Lewien, Frank"]
[Black "Götz, Arnold"]
[Result "1-0"]
[WhiteElo "1435"]
[BlackElo "1671"]
[PlyCount "61"]
[EventDate "2007.??.??"]

1. d4 d5 2. Nf3 Nf6 3. e3 e6 4. Bd3 c5 5. c3 Qc7 6. Nbd2 Bd6 7. O-O O-O 8. Qe2
Nc6 9. dxc5 Bxc5 10. e4 Re8 11. e5 Nd7 12. Re1 Nf8 13. Nb3 Bb6 14. Bg5 a6 15.
Rac1 h6 16. Bh4 Ba5 17. Nxa5 Qxa5 18. Bb1 b5 19. Nd4 Qb6 20. Qg4 Nxd4 21. cxd4
Qb7 22. Bf6 Ng6 23. Bxg6 gxf6 24. Bb1+ Kh8 25. exf6 Rg8 26. Qh5 Rg6 27. Bxg6
fxg6 28. Qxh6+ Qh7 29. Qxh7+ Kxh7 30. Rc7+ Kg8 31. Rec1 1-0

[Event "Frankfurt Ch 2007"]
[Site "Ffm-Kalbach, LAZ"]
[Date "2007.06.18"]
[Round "7.58"]
[White "Kirchmann, Gerhard"]
[Black "Smith-Meyer, Geir"]
[Result "0-1"]
[WhiteElo "1276"]
[BlackElo "1640"]
[PlyCount "120"]
[EventDate "2007.??.??"]

1. d4 Nf6 2. c4 c5 3. e3 cxd4 4. exd4 g6 5. Nc3 Bg7 6. Nf3 O-O 7. Be2 d6 8. O-O
Bg4 9. Be3 Nc6 10. a3 Re8 11. h3 Bf5 12. Nh4 Bd7 13. b4 e5 14. d5 Ne7 15. Rc1
Nc8 16. Nf3 Ne7 17. c5 e4 18. Ng5 Nf5 19. Qc2 Nxe3 20. fxe3 Bf5 21. g4 Nxg4 22.
Nxf7 Kxf7 23. hxg4 Qg5 24. Rxf5+ gxf5 25. Qd2 Be5 26. Rf1 Kg7 27. Rxf5 Qh4 28.
Rxe5 Qg3+ 29. Kh1 Qxe5 30. cxd6 a6 31. d7 Re7 32. Bc4 Rxd7 33. Ne2 h5 34. g5
Re8 35. Nf4 Qxg5 36. Qd4+ Qe5 37. Nxh5+ Kg6 38. Qxe5 Rxe5 39. Nf4+ Kg5 40. Be2
Rh7+ 41. Kg2 Kf6 42. Ne6 Rxe6 43. dxe6 Kxe6 44. Bc4+ Ke5 45. Kg3 Rc7 46. Be2
Rc3 47. Kf2 Rxa3 48. b5 a5 49. Bc4 Rc3 50. Bg8 Rc5 51. Ke2 Rxb5 52. Kd2 Rb2+
53. Kc3 Re2 54. Kc4 Rxe3 55. Kb5 b6 56. Kxb6 a4 57. Kc5 a3 58. Kb4 Kd4 59. Ba2
Rc3 60. Ka4 e3 0-1

[Event "Frankfurt Ch 2007"]
[Site "Ffm-Kalbach, LAZ"]
[Date "2007.06.18"]
[Round "7.59"]
[White "Honert, Stefan"]
[Black "Krischak, Werner"]
[Result "0-1"]
[WhiteElo "1263"]
[BlackElo "1620"]
[PlyCount "64"]
[EventDate "2007.??.??"]

1. d4 d5 2. c4 c6 3. Nf3 Nf6 4. Nc3 dxc4 5. a4 Bf5 6. Bg5 e6 7. e3 Be7 8. Bxc4
Nbd7 9. O-O O-O 10. Bd3 Bxd3 11. Qxd3 Rc8 12. Ne4 Nxe4 13. Bxe7 Nxf2 14. Qxh7+
Kxh7 15. Bxd8 Nh3+ 16. gxh3 Rcxd8 17. Kh1 Rde8 18. Rad1 c5 19. Ne5 Nxe5 20.
dxe5 Re7 21. Rd6 Rc8 22. Rfd1 Rec7 23. Rd7 Kg6 24. Rxc7 Rxc7 25. Rf1 b6 26. Kg2
Rd7 27. Kg3 Rd2 28. Rf2 Rxf2 29. Kxf2 Kf5 30. Kf3 Kxe5 31. Kg4 a6 32. Kg5 b5
0-1